Excelencias del Instituto de la Congregacioìn del Oratorio de San Felipe Neri (Record no. 8567)

MARC details
000 -CABECERA
campo de control de longitud fija 00821nam a2200193 a 4500
001 - NÚMERO DE CONTROL
campo de control BRCA_8916
005 - FECHA Y HORA DE LA ÚLTIMA TRANSACCIÓN
campo de control 20190320210446.0
008 - DATOS DE LONGITUD FIJA--INFORMACIÓN GENERAL
campo de control de longitud fija 220617s1845----mx-#######---#000-0#spa-#
041 ## - CÓDIGO DE LENGUA
Código de lengua del texto/banda sonora o título independiente spa
044 ## - CÓDIGO DEL PAÍS DE LA ENTIDAD EDITORA/PRODUCTORA
Código MARC del país mx
084 ## - OTRO NÚMERO DE CLASIFICACIÓN
Número de clasificación CO89
Número de documento/Ítem .E93 1845
245 10 - MENCIÓN DE TÍTULO
Título Excelencias del Instituto de la Congregacioìn del Oratorio de San Felipe Neri
Resto del título obra postuma de un sacerdote del oratorio de Savillano en el Piamonte: dirigida, no solo al provecho de los individuos de dicho instituto, sino también de todo género de personas, así religiosas, como eclesiásticas y seculares.
260 ## - PUBLICACIÓN, DISTRIBUCIÓN, ETC.
Lugar de publicación, distribución, etc. México
Nombre del editor, distribuidor, etc. Luis Abadiano y Valdes
Fecha de publicación, distribución, etc. 1845
300 ## - DESCRIPCIÓN FÍSICA
Extensión IV, XXXIV, 512 p.
Dimensiones 21.5 x 15 cm
500 ## - NOTA GENERAL
Nota general Estado físico: presenta encuadernación en piel
600 14 - PUNTO DE ACCESO ADICIONAL DE MATERIA--NOMBRE DE PERSONA
Nombre de persona Neri, Filippo
Títulos y otros términos asociados al nombre Santo
Fechas asociadas al nombre 1515-1595
9 (RLIN) 22174
902 ## - CATALOGADOR
Iniciales CFM
942 ## - ELEMENTOS DE PUNTO DE ACCESO ADICIONAL (KOHA)
Fuente del sistema de clasificación o colocación Library of Congress Classification
Tipo de ítem Koha Libros
Holdings
Estado de retiro Estado de pérdida Estado dañado No para préstamo Localización permanente Ubicación/localización actual Fecha de adquisición Total de préstamos Signatura topográfica completa Código de barras Fecha visto por última vez Precio válido a partir de Tipo de ítem Koha
El ejemplar forma parte de la colección y puede ser consultado según las políticas vigentes.       Biblioteca del Museo Franz Mayer (Rogerio Casas-Alatriste) Biblioteca del Museo Franz Mayer (Rogerio Casas-Alatriste) 22/06/2017   CO89 .E93 1845 CFM00238 22/03/2019 22/03/2019 Libros